COMPLETE IDIOTS GUIDE TO NEW PRODUCT DEV (Record no. 2118)
[ view plain ]
| 000 -LEADER | |
|---|---|
| fixed length control field | 00356nam a2200133Ia 4500 |
| 008 - FIXED-LENGTH DATA ELEMENTS--GENERAL INFORMATION | |
| fixed length control field | 240624s9999 xx 000 0 und d |
| 041 ## - LANGUAGE CODE | |
| Language code of text/sound track or separate title | eng |
| 082 ## - DEWEY DECIMAL CLASSIFICATION NUMBER | |
| Classification number | 658.575 BOB |
| 100 ## - MAIN ENTRY--PERSONAL NAME | |
| Personal name | BOBROW EDWIN E |
| 245 ## - TITLE STATEMENT | |
| Title | COMPLETE IDIOTS GUIDE TO NEW PRODUCT DEV |
| 260 ## - PUBLICATION, DISTRIBUTION, ETC. | |
| Date of publication, distribution, etc. | 1999 |
| Place of publication, distribution, etc. | New Delhi |
| Name of publisher, distributor, etc. | Prentice-Hall of India |
| 300 ## - PHYSICAL DESCRIPTION | |
| Extent | xxiv, : 307 : cm. ; 24 |
| 365 ## - TRADE PRICE | |
| Currency code | RS |
| Withdrawn status | Lost status | Damaged status | Not for loan | Home library | Current library | Shelving location | Date acquired | Source of acquisition | Cost, normal purchase price | Total Checkouts | Total Renewals | Full call number | Barcode | Date last seen | Date last checked out | Copy number | Price effective from | Koha item type |
|---|---|---|---|---|---|---|---|---|---|---|---|---|---|---|---|---|---|---|
| IMTN | IMTN | Rack 34-B | 03/21/2005 | AP | 150.00 | 1 | 2 | 658.575 BOB | 2118 | 08/11/2025 | 07/04/2025 | 1 | 06/24/2024 | Books |